| 000 | 00901nmm a2200253 a 4500 | ||
|---|---|---|---|
| 001 | ocm000701433 | ||
| 003 | TR-IsHL | ||
| 005 | 20201028131518.0 | ||
| 008 | 131028s2002 tu tur | ||
| 007 | cr cn | ||
| 035 |
_a701433 _b(N$T) |
||
| 050 | 0 | 4 |
_aAS348.B3 _bB35 2002 |
| 090 | 0 | 4 |
_aAS348.B3 _bB35 2002 |
| 245 | 1 | 0 |
_aBalıkesir Üniversitesi öğretim elemalarının bilimsel yayınları 1999- 2002 _h[electronic resource] |
| 250 | _a1. bs. | ||
| 260 |
_aBalıkesir : _bBalıkesir Üniversitesi Yayınları, _c2002 |
||
| 300 | _a182 p. | ||
| 650 | 4 | _aGenel Çalışmalar | |
| 650 | 4 | _aGeneral Works | |
| 650 | 0 |
_aBilimsel yayıncılık _x Türkiye _x Katalog |
|
| 650 | 0 |
_aScience publishing _x Turkey _x Catalogs |
|
| 650 | 7 |
_aLANGUAGE ARTS & DISCIPLINES / Publishing _2bisacsh |
|
| 856 | 4 | 0 | _uhttp://search.ebscohost.com/login.aspx?direct=true&scope=site&db=e011xww&AN=701433 |
| 999 |
_c4603 _d4603 |
||